[Event "London Classic Open 2017"]
[Site "London ENG"]
[Date "2017.12.03"]
[Round "2.44"]
[White "Healey, Michael W"]
[Black "Houska, Jovanka"]
[Result "0-1"]
[BlackTitle "IM"]
[WhiteElo "2163"]
[BlackElo "2407"]
[WhiteFideId "410012"]
[BlackFideId "405094"]
[EventDate "2017.12.02"]

1. b4 d5 2. Bb2 Bf5 3. e3 e6 4. b5 Nf6 5. Nf3 Bd6 6. c4 c6 7. Be2 O-O 8. O-O h6
9. a4 a5 10. d4 cxb5 11. c5 Be7 12. axb5 Nbd7 13. Nc3 Ne4 14. Na4 b6 15. c6 Ndf6
16. Ba3 Bxa3 17. Rxa3 Bg4 18. Ne5 Bxe2 19. Qxe2 Qc7 20. f3 Nd6 21. Rb3 Rfd8 22.
g4 Nfe8 23. h4 f6 24. Ng6 Nc4 25. Qg2 Ned6 26. g5 Qf7 27. gxh6 Kh7 28. h5 gxh6
29. e4 Rg8 30. Re1 Rae8 31. Nc3 Nc8 32. exd5 exd5 33. Rxe8 Rxe8 34. Ne2 f5 35.
Nef4 a4 36. Rc3 N8d6 37. Ne5 Nxe5 38. dxe5 Nxb5 39. e6 Qg7 40. Qg6+ Qxg6+ 41.
hxg6+ Kg7 42. Rc2 Nc7 43. Rg2 Kf6 44. Nh5+ Ke7 45. Ng7 Rg8 46. Nxf5+ Kf6 47. Nd6
Kxe6 0-1

[Event "London Classic Open 2017"]
[Site "London ENG"]
[Date "2017.12.03"]
[Round "2.45"]
[White "Martins, David Pires Tavares"]
[Black "Hand, Freddie"]
[Result "1/2-1/2"]
[WhiteTitle "IM"]
[WhiteElo "2400"]
[BlackElo "2139"]
[WhiteFideId "1909991"]
[BlackFideId "436950"]
[EventDate "2017.12.02"]

1. Nf3 d5 2. c4 c6 3. g3 Nf6 4. Bg2 dxc4 5. Na3 b5 6. O-O Bb7 7. b3 cxb3 8. Qxb3
e6 9. Ne5 Qb6 10. Bb2 Be7 11. Rfc1 O-O 12. d4 Nfd7 13. Nd3 Na6 14. Rab1 Rab8 15.
Bc3 Rfc8 16. Nc2 Ba8 17. a4 b4 18. a5 Qxa5 19. Ncxb4 Bxb4 20. Nxb4 Nxb4 21. Bxb4
Qa6 22. Qc2 c5 23. dxc5 Bxg2 24. Kxg2 Qc6+ 25. f3 h6 26. Bd2 Rxb1 27. Qxb1 Qa6
28. Kf2 Rxc5 29. Rxc5 Nxc5 30. Qb8+ Kh7 31. Be3 Qb7 32. Qxb7 Nxb7 33. Bxa7 Na5
34. Ke3 Nc6 35. Bb6 g5 36. Kd3 Kg6 37. Bc7 Nb4+ 38. Kd4 Nc2+ 39. Ke5 Ne3 40. Ke4
Nd5 41. Ba5 h5 42. h3 Ne7 43. Be1 Nd5 44. Ke5 Ne3 45. Bf2 Nc4+ 46. Kd4 Nd6 47.
e4 Nb5+ 48. Kc5 Nc3 49. Kc4 Nb1 50. Kd3 Na3 51. Bc5 Nb5 52. Kc4 Nc7 53. Bd6 Ne8
54. Be5 g4 1/2-1/2

[Event "London Classic Open 2017"]
[Site "London ENG"]
[Date "2017.12.03"]
[Round "2.46"]
[White "Mcgowan, Daniel"]
[Black "Baenziger, Fabian"]
[Result "1/2-1/2"]
[BlackTitle "FM"]
[WhiteElo "2155"]
[BlackElo "2400"]
[WhiteFideId "2401479"]
[BlackFideId "1330110"]
[EventDate "2017.12.02"]

1. e4 c5 2. Nf3 Nc6 3. Bb5 d6 4. O-O Bd7 5. d4 cxd4 6. Nxd4 Nf6 7. Nc3 g6 8. h3
Bg7 9. Be3 O-O 10. Nxc6 Bxc6 11. Bxc6 bxc6 12. Qd2 Qb8 13. Rab1 Rd8 14. Qe2 a5
15. a3 Qb7 16. Rfd1 Nd7 17. Bd4 e5 18. Be3 Nf8 19. b4 axb4 20. axb4 d5 21. b5 d4
22. bxc6 Qxc6 23. Nd5 Re8 24. Bg5 Ne6 25. Bf6 Nf4 26. Nxf4 exf4 27. Bxg7 Rxe4
28. Qf3 Kxg7 29. Rxd4 Rae8 30. Rxe4 Rxe4 31. Rb4 Re1+ 32. Kh2 Qxf3 33. gxf3 g5
34. Kg2 Rc1 35. Rc4 Kg6 36. Rc6+ f6 37. Rc8 Ra1 38. c4 Rc1 39. c5 h5 40. c6 f5
41. Rg8+ Kh6 42. Rh8+ Kg6 43. Rg8+ Kh6 44. Rh8+ Kg7 45. Rxh5 Kg6 46. Rh8 Rxc6
47. Rg8+ Kh5 48. Rf8 Kg6 49. Rg8+ Kh5 50. Rf8 Kg6 51. Rg8+ 1/2-1/2

[Event "London Classic Open 2017"]
[Site "London ENG"]
[Date "2017.12.03"]
[Round "2.47"]
[White "Van Zyl-Rudd, Jack"]
[Black "Munguntuul, Batkhuyag"]
[Result "1/2-1/2"]
[WhiteTitle "FM"]
[BlackTitle "IM"]
[WhiteElo "2153"]
[BlackElo "2397"]
[WhiteFideId "14309017"]
[BlackFideId "4900758"]
[EventDate "2017.12.02"]

1. d4 Nf6 2. c4 c5 3. d5 g6 4. Nc3 d6 5. Nf3 Bg7 6. e4 O-O 7. Be2 a6 8. O-O e5
9. dxe6 Bxe6 10. Bf4 Ne8 11. Qd2 Nc6 12. Rad1 Qa5 13. Bh6 Rd8 14. Bxg7 Kxg7 15.
Qe3 Nf6 16. h3 Rfe8 17. Rd2 Bf5 18. Bd3 b5 19. cxb5 axb5 20. Nh4 Nd4 21. Bxb5
Nxe4 22. Rxd4 cxd4 23. Qxd4+ Re5 24. f4 Nxc3 25. bxc3 Qxb5 26. Nxf5+ gxf5 27.
fxe5 Qxe5 28. Rxf5 Qxd4+ 29. cxd4 Rb8 30. Rd5 Ra8 31. Rxd6 Rxa2 32. Kh2 Ra3 33.
d5 Rd3 34. h4 h5 35. Rd8 Kf6 36. d6 Rd4 37. Kg3 Rg4+ 38. Kh3 Rd4 39. Rh8 Kg6 40.
Rg8+ Kh7 41. Rd8 Kg7 42. g3 Rd2 1/2-1/2

[Event "London Classic Open 2017"]
[Site "London ENG"]
[Date "2017.12.03"]
[Round "2.48"]
[White "Woong, Zhi Wei William"]
[Black "Akash Pc, Iyer"]
[Result "0-1"]
[WhiteTitle "CM"]
[WhiteElo "2137"]
[BlackElo "2390"]
[WhiteFideId "5804906"]
[BlackFideId "5006775"]
[EventDate "2017.12.02"]

1. e4 d6 2. d4 Nf6 3. Nc3 Nbd7 4. Be3 e5 5. dxe5 dxe5 6. g3 c6 7. Bg2 b5 8. Nge2
Ng4 9. Bd2 Bc5 10. O-O Qb6 11. Be1 a5 12. h3 Ngf6 13. Nc1 Ba6 14. Bd2 Rd8 15.
Qf3 O-O 16. Re1 Qc7 17. Nd1 Bb6 18. Be3 c5 19. g4 b4 20. b3 Bb7 21. Bg5 c4 22.
Qe2 cxb3 23. cxb3 Bd4 24. Rb1 h6 25. Be3 Nc5 26. f3 Ne6 27. Nb2 Nf4 28. Qc4
Bxe3+ 29. Rxe3 Qb6 0-1

[Event "London Classic Open 2017"]
[Site "London ENG"]
[Date "2017.12.03"]
[Round "2.49"]
[White "Sai Agni Jeevitesh, J"]
[Black "Paquico Rodriguez, Ivan"]
[Result "1-0"]
[WhiteTitle "FM"]
[WhiteElo "2384"]
[BlackElo "2137"]
[WhiteFideId "5070147"]
[BlackFideId "2256320"]
[EventDate "2017.12.02"]

1. d4 g6 2. c4 Bg7 3. e4 d6 4. Nc3 e5 5. d5 Nd7 6. Be3 Ne7 7. h4 h6 8. Qd2 f5 9.
g3 Nf6 10. f3 Nh5 11. Nge2 Nxg3 12. Nxg3 f4 13. Bf2 fxg3 14. Bxg3 O-O 15. f4
exf4 16. Bxf4 Kh7 17. Be2 Ng8 18. O-O-O Qe7 19. Rdf1 Bd7 20. Bd3 Be5 21. Ne2 Bg4
22. Bxe5 Qxe5 23. Nf4 h5 24. Bc2 Nh6 25. Nd3 Qe7 26. e5 dxe5 27. Re1 e4 28. Nf4
Bf5 29. Bxe4 Bxe4 30. Ne6 Rf5 31. Rxe4 Qd6 32. Ng5+ Kg7 33. Qd4+ Rf6 34. c5 Qd7
35. Re6 Ng4 36. Rhe1 Qd8 37. Ne4 Qf8 38. Nxf6 Nxf6 39. Rf1 1-0

[Event "London Classic Open 2017"]
[Site "London ENG"]
[Date "2017.12.03"]
[Round "2.50"]
[White "Vo, Thi Kim Phung"]
[Black "Abrahams, Daniel"]
[Result "1/2-1/2"]
[WhiteTitle "WGM"]
[WhiteElo "2380"]
[BlackElo "2130"]
[WhiteFideId "12401838"]
[BlackFideId "2606879"]
[EventDate "2017.12.02"]

1. d4 Nf6 2. c4 e6 3. Nc3 Bb4 4. Qc2 c5 5. dxc5 Qc7 6. a3 Bxc5 7. b4 Be7 8. Nb5
Qc6 9. Nf3 d6 10. Nfd4 Qd7 11. e4 a6 12. Nc3 b6 13. f3 Bb7 14. Be3 Qc7 15. Rc1
Nbd7 16. Qf2 Rc8 17. Nb3 O-O 18. Be2 Rfe8 19. O-O Bd8 20. Rfd1 Qb8 21. Na4 Ba8
22. c5 b5 23. Nc3 Bc7 24. g3 d5 25. exd5 Nxd5 26. Nxd5 Bxd5 27. Nd4 Ne5 28. a4
Nc4 29. Bf1 h5 30. axb5 axb5 31. Ne2 h4 32. Bf4 hxg3 33. hxg3 e5 34. Rxd5 exf4
35. g4 Qa8 36. Rh5 g6 37. Rh3 Kg7 38. Nd4 Qa3 39. Rb1 Rb8 40. Nc6 Ra8 41. Bxc4
bxc4 42. Qd4+ f6 43. Qd7+ Kg8 44. Ne7+ Rxe7 45. Qxe7 Qe3+ 46. Qxe3 fxe3 47. Rb2
c3 48. Re2 Rd8 49. f4 Bxf4 50. Kg2 Rd4 51. b5 Rc4 52. Rc2 Rxc5 53. Kf3 Be5 54.
Kxe3 Rxb5 55. Ra2 Kf7 56. Rh7+ Ke6 57. Ra6+ Kd5 58. Kd3 g5 59. Rh8 Kc5 60. Rc8+
Kb4 61. Kc2 Rc5 62. Ra4+ Kxa4 63. Rxc5 Kb4 64. Rc8 Bd4 65. Kd3 Be5 66. Rc6 Kb5
67. Rc4 Kb6 68. Ke4 Ka5 69. Ke3 Kb6 70. Kd3 Kb5 71. Rc8 Kb4 72. Rc6 Kb5 73. Rc4
Kb6 74. Kc2 Ka5 75. Kb3 Kb5 76. Rc8 Bd4 77. Rc7 Be5 78. Rc4 Ka5 79. Rb4 Bd6 80.
Re4 Be5 81. Rb4 Bd6 82. Rc4 Be5 83. Rc8 Kb5 84. Rc4 1/2-1/2

[Event "London Classic Open 2017"]
[Site "London ENG"]
[Date "2017.12.03"]
[Round "2.51"]
[White "Stewart, Ashley"]
[Black "Bates, Richard A"]
[Result "0-1"]
[BlackTitle "IM"]
[WhiteElo "2135"]
[BlackElo "2378"]
[WhiteFideId "419001"]
[BlackFideId "403555"]
[EventDate "2017.12.02"]

1. c4 e5 2. g3 Nf6 3. Bg2 Bc5 4. Nc3 Nc6 5. e3 O-O 6. Nge2 d5 7. Nxd5 Nxd5 8.
cxd5 Nb4 9. d4 exd4 10. a3 Nxd5 11. exd4 Bb6 12. h3 Be6 13. O-O Qd7 14. Kh2 c6
15. Qa4 Rfe8 16. Nc3 Nxc3 17. bxc3 Bd5 18. Bxd5 Qxd5 19. Be3 h5 20. h4 Bc7 21.
Rae1 Re4 22. f4 Rae8 23. Bf2 Re2 24. Kg1 g5 25. hxg5 h4 26. gxh4 Qf3 27. g6 Qg4+
28. Kh1 Qh3+ 29. Kg1 Bxf4 30. gxf7+ Kh7 0-1

[Event "London Classic Open 2017"]
[Site "London ENG"]
[Date "2017.12.03"]
[Round "2.52"]
[White "Gourlay, Iain"]
[Black "Smith, Andrew Philip"]
[Result "1-0"]
[WhiteTitle "FM"]
[BlackTitle "FM"]
[WhiteElo "2378"]
[BlackElo "2126"]
[WhiteFideId "2401533"]
[BlackFideId "2500833"]
[EventDate "2017.12.02"]

1. c4 c5 2. g3 h5 3. Nf3 Nc6 4. Bg2 g6 5. Nc3 Bg7 6. a3 d6 7. Rb1 Bf5 8. d3 Qd7
9. h3 Rb8 10. Bd2 Nd4 11. Ng5 Nf6 12. b4 O-O 13. bxc5 dxc5 14. Bf4 Rbe8 15. Rxb7
Qd8 16. O-O Qa5 17. Nb5 Nxb5 18. Rxb5 Qxa3 19. Be5 Bd7 20. Rb7 Bc8 21. Rc7 a6
22. Qa1 Qxa1 23. Bxa1 Nd7 24. Bc6 Rd8 25. Bxg7 Kxg7 26. Rxc8 Rxc8 27. Bxd7 Rb8
28. Ra1 Rb6 29. Ne4 Rd8 30. Nxc5 Ra8 31. Ra5 e6 32. Bb5 Rc8 33. Rxa6 Rxb5 34.
Nxe6+ fxe6 35. cxb5 Kf6 36. Ra1 1-0

[Event "London Classic Open 2017"]
[Site "London ENG"]
[Date "2017.12.03"]
[Round "2.53"]
[White "Englisch, Colya"]
[Black "Gumularz, Szymon"]
[Result "0-1"]
[BlackTitle "FM"]
[WhiteElo "2128"]
[BlackElo "2376"]
[WhiteFideId "36080420"]
[BlackFideId "1188062"]
[EventDate "2017.12.02"]

1. d4 Nf6 2. Nf3 e6 3. g3 b5 4. Bg2 Bb7 5. O-O c5 6. c3 Be7 7. Bg5 Na6 8. Nbd2
O-O 9. Bxf6 Bxf6 10. e4 cxd4 11. cxd4 Qb6 12. e5 Be7 13. Qe2 Rfc8 14. Ne4 Bd5
15. Rfc1 Rxc1+ 16. Rxc1 Bxa2 17. Nfg5 Rf8 18. Nxh7 Kxh7 19. Qh5+ Kg8 20. Qg4 Qd8
21. Rc3 Bd5 22. Qh5 g6 23. Qh6 Bxe4 24. f4 Qb6 25. Bxe4 Qxd4+ 26. Kg2 Qxe4+ 27.
Rf3 Rc8 0-1

[Event "London Classic Open 2017"]
[Site "London ENG"]
[Date "2017.12.03"]
[Round "2.54"]
[White "Rocco, Federico"]
[Black "Sowray, Peter J"]
[Result "0-1"]
[BlackTitle "FM"]
[WhiteElo "2120"]
[BlackElo "2357"]
[WhiteFideId "431362"]
[BlackFideId "400971"]
[EventDate "2017.12.02"]

1. Nf3 d5 2. c4 e6 3. g3 Nf6 4. Bg2 dxc4 5. Qa4+ Nbd7 6. O-O a6 7. Qxc4 b5 8.
Qc2 Bb7 9. b3 c5 10. Nc3 Be7 11. Bb2 Qb6 12. Rfc1 O-O 13. d3 Rac8 14. a4 Rfd8
15. Rcb1 Nb8 16. Nd1 Nc6 17. Ne3 Nd4 18. Qd1 Nxf3+ 19. Bxf3 Bxf3 20. exf3 Qd6
21. axb5 axb5 22. Ra5 b4 23. Ra7 Kf8 24. d4 cxd4 25. Nc4 Qb8 26. Rba1 Bc5 27.
R7a5 Qb7 28. Qd3 Kg8 29. Bc1 h6 30. h4 Ra8 31. Bf4 Rxa5 32. Rxa5 Nd7 33. Nd6
Bxd6 34. Bxd6 Qb6 35. Ra6 Nc5 36. Rxb6 Nxd3 37. Kf1 Ra8 38. Bxb4 Ra2 39. f4
Rxf2+ 40. Kg1 Rb2 41. Ba5 Nc1 42. b4 d3 43. Rd6 d2 44. Kf1 Rb1 45. Kf2 Nb3 46.
Ke2 Re1+ 0-1

[Event "London Classic Open 2017"]
[Site "London ENG"]
[Date "2017.12.03"]
[Round "2.55"]
[White "Beinoras, Mindaugas"]
[Black "Mitra, Roman C"]
[Result "1-0"]
[WhiteTitle "IM"]
[WhiteElo "2353"]
[BlackElo "2100"]
[WhiteFideId "12802085"]
[BlackFideId "419540"]
[EventDate "2017.12.02"]

1. c4 c6 2. e4 e5 3. Nf3 Nf6 4. Nc3 Bb4 5. Qc2 Qe7 6. a3 Ba5 7. d3 O-O 8. g3 Rd8
9. Bg2 d5 10. b4 dxe4 11. Nxe4 Nxe4 12. dxe4 Bc7 13. O-O f6 14. Be3 Be6 15. Nh4
a5 16. b5 cxb5 17. cxb5 Rc8 18. Nf5 Qf7 19. Qb2 b6 20. Rfd1 Qf8 21. Rac1 a4 22.
Bf1 g6 23. Nh6+ Kg7 24. Bc4 Qe8 25. Qa2 Bxc4 26. Qxc4 Nd7 27. Qg8+ 1-0

[Event "London Classic Open 2017"]
[Site "London ENG"]
[Date "2017.12.03"]
[Round "2.56"]
[White "Ongut, Tamas Gunes"]
[Black "Arakhamia-Grant, Ketevan"]
[Result "1/2-1/2"]
[BlackTitle "GM"]
[WhiteElo "2119"]
[BlackElo "2350"]
[WhiteFideId "770280"]
[BlackFideId "13600168"]
[EventDate "2017.12.02"]

1. e4 c5 2. Nf3 e6 3. d4 cxd4 4. Nxd4 Nc6 5. Nc3 a6 6. Nxc6 bxc6 7. Bd3 d5 8.
O-O Nf6 9. Qe2 Be7 10. b3 O-O 11. Bb2 Re8 12. Rad1 Qc7 13. Na4 Bb7 14. c4 dxe4
15. Bxe4 Nxe4 16. Qxe4 c5 17. Qe5 Qxe5 18. Bxe5 Rad8 19. Bc7 Rxd1 20. Rxd1 Bc6
21. Nb6 f6 22. f3 Kf7 23. Kf2 g5 24. Nd7 Rc8 25. Bb6 Ba8 26. a4 h5 27. a5 g4 28.
Ba7 Rc7 29. Bb6 Rc8 30. Ba7 Rc7 31. Bb6 1/2-1/2

[Event "London Classic Open 2017"]
[Site "London ENG"]
[Date "2017.12.03"]
[Round "2.57"]
[White "De Coverly, Roger D"]
[Black "Quillan, Gary"]
[Result "0-1"]
[BlackTitle "IM"]
[WhiteElo "1921"]
[BlackElo "2344"]
[WhiteFideId "405213"]
[BlackFideId "401153"]
[EventDate "2017.12.02"]

1. e4 e6 2. d4 d5 3. Nd2 Nf6 4. e5 Nfd7 5. Ngf3 c5 6. c3 Nc6 7. Bd3 Be7 8. O-O
a5 9. Re1 cxd4 10. cxd4 Qb6 11. Qa4 O-O 12. a3 f6 13. exf6 Nxf6 14. Nf1 Bd7 15.
Bb5 Ne4 16. Be3 Nd6 17. Bxc6 Bxc6 18. Qc2 Rxf3 19. gxf3 Nf5 20. Ng3 Rf8 21. Nxf5
Rxf5 22. f4 Bd6 23. Qd2 a4 24. Rac1 Qd8 25. Rc3 Qf6 26. f3 h6 27. Kh1 Bxf4 28.
Bxf4 Rxf4 29. Qe2 Rxd4 30. Re3 Rf4 31. Rxe6 Qf5 32. Rg1 d4 33. Rxc6 bxc6 34.
Qe8+ Kh7 35. Qxc6 Rxf3 36. Qb7 Qf7 37. Qe4+ Kh8 38. Qa8+ Qf8 39. Qxf8+ Rxf8 40.
Rd1 Rf4 41. Kg2 g5 42. Rd3 Kg7 43. b3 Kf6 44. bxa4 Ke5 45. Rb3 Ke4 46. Rb8 d3
47. a5 d2 48. Rd8 Ke3 49. a6 Ra4 50. Re8+ Kd3 51. Rd8+ Ke2 52. Re8+ Kd1 53. Re6
h5 54. Rc6 Rxa3 55. Kf2 h4 56. Re6 g4 57. Rc6 Rf3+ 58. Kg2 h3+ 59. Kg1 Ke2 0-1

[Event "London Classic Open 2017"]
[Site "London ENG"]
[Date "2017.12.03"]
[Round "2.58"]
[White "Yoon, Jacob D"]
[Black "Arkell, Keith C"]
[Result "1/2-1/2"]
[BlackTitle "GM"]
[WhiteElo "2045"]
[BlackElo "2416"]
[WhiteFideId "446076"]
[BlackFideId "400270"]
[EventDate "2017.12.02"]

1. e4 c6 2. d4 d5 3. Nc3 dxe4 4. Nxe4 Nd7 5. Ng5 Ngf6 6. Bd3 Nb6 7. N1f3 h6 8.
Ne4 Nxe4 9. Bxe4 Bg4 10. h3 Bxf3 11. Bxf3 e6 12. O-O Be7 13. Bf4 O-O 14. c3 Nd5
15. Bg3 Bd6 16. Bxd5 cxd5 17. Bxd6 Qxd6 18. f4 g6 19. Qg4 h5 20. Qg5 Qd8 21. Qe5
h4 22. Rae1 Re8 23. Qe2 Kg7 24. Qg4 f5 25. Qf3 b5 26. Re5 Rb8 27. Rfe1 Kf7 28.
Qe2 Rb6 29. a3 a5 30. Kh2 Qe7 31. Qf2 Qf6 32. Qe3 Rc8 33. Rc1 Rbc6 34. Ra1 Rb8
35. Rc1 Rbb6 36. Re1 Qd8 37. Re2 Rd6 38. Qd2 b4 39. axb4 axb4 40. cxb4 Rb8 41.
Qe1 Qf6 42. Rc2 Qd8 43. Rc5 Rdb6 44. Qc3 R8b7 45. Rc6 Rxc6 46. Qxc6 Rb6 47. Qc3
Qe7 48. Qc8 Rxb4 49. Re3 Rc4 50. Qh8 Qf6 51. Qh7+ Qg7 52. Qxh4 Qxd4 53. Qh7+ Kf8
54. Qh6+ Ke7 55. Qh4+ Kd7 56. Qh7+ Kd6 57. Rf3 Rc1 58. Qg8 Qg1+ 59. Kg3 Qe1+ 60.
Kh2 Qh1+ 61. Kg3 Qe1+ 1/2-1/2

[Event "London Classic Open 2017"]
[Site "London ENG"]
[Date "2017.12.03"]
[Round "2.59"]
[White "Hansen, Torbjorn Ringdal"]
[Black "Grigoryan, Meri"]
[Result "1-0"]
[WhiteTitle "GM"]
[BlackTitle "WFM"]
[WhiteElo "2408"]
[BlackElo "2044"]
[WhiteFideId "1501720"]
[BlackFideId "13300571"]
[EventDate "2017.12.02"]

1. e4 e5 2. Nf3 Nc6 3. Bb5 a6 4. Ba4 Nf6 5. O-O Be7 6. Re1 b5 7. Bb3 O-O 8. c3
d5 9. exd5 Nxd5 10. Nxe5 Nxe5 11. Rxe5 c6 12. d3 Bd6 13. Re1 Qh4 14. g3 Qh3 15.
Re4 g5 16. Bxg5 Qf5 17. Bh6 Qg6 18. Bxf8 Bxf8 19. Nd2 f5 20. Re5 Kh8 21. Qf3 Bd6
22. Rae1 Bxe5 23. Rxe5 Rb8 24. Bxd5 1-0

[Event "London Classic Open 2017"]
[Site "London ENG"]
[Date "2017.12.03"]
[Round "2.60"]
[White "McDonald, Neil"]
[Black "Rice, Chris B"]
[Result "1-0"]
[WhiteTitle "GM"]
[WhiteElo "2397"]
[BlackElo "1969"]
[WhiteFideId "400629"]
[BlackFideId "404446"]
[EventDate "2017.12.02"]

1. e4 d5 2. exd5 Qxd5 3. Nc3 Qd6 4. d4 Nf6 5. Nf3 c6 6. Ne5 Be6 7. Bf4 Qd8 8.
Qd2 Nbd7 9. Be2 g6 10. O-O Bg7 11. Rad1 O-O 12. Bh6 Nb6 13. Rfe1 Re8 14. Bxg7
Kxg7 15. a3 a5 16. h3 Qc7 17. Qf4 Rac8 18. Qg3 Bf5 19. Bd3 Bxd3 20. Rxd3 Red8
21. Red1 Nfd7 22. f4 Nf6 23. f5 Nbd5 24. fxg6 hxg6 25. Ne2 b5 26. Rf1 c5 27. Rf5
Rd6 28. Rdf3 Rf8 29. Rg5 Ne4 30. Rxf7+ Rxf7 31. Rxg6+ Rxg6 32. Qxg6+ 1-0

[Event "London Classic Open 2017"]
[Site "London ENG"]
[Date "2017.12.03"]
[Round "2.61"]
[White "Van Delft, Merijn"]
[Black "Midhun, P U"]
[Result "1/2-1/2"]
[WhiteTitle "IM"]
[WhiteElo "2393"]
[BlackElo "1956"]
[WhiteFideId "1004670"]
[BlackFideId "5074940"]
[EventDate "2017.12.02"]

1. e4 d6 2. d4 g6 3. Nc3 Bg7 4. Be3 Nf6 5. Qd2 O-O 6. O-O-O c6 7. f3 b5 8. Kb1
Be6 9. Nce2 Nbd7 10. Nf4 Bc4 11. Nge2 e5 12. dxe5 dxe5 13. Nd3 Qe7 14. g4 Rfd8
15. Nec1 a5 16. h4 h5 17. Qg2 Qe6 18. Be2 hxg4 19. Bg5 c5 20. fxg4 Bxd3 21. cxd3
Rdc8 22. h5 Nh7 23. Be3 g5 24. Rd2 Ndf8 25. Rc2 Qd6 26. Nb3 Ne6 27. Rhc1 c4 28.
dxc4 bxc4 29. Rxc4 Rxc4 30. Bxc4 a4 31. Nc5 Nd4 32. Bd5 Rc8 33. Nxa4 Rxc1+ 34.
Bxc1 Qa6 35. b3 Qd3+ 36. Kb2 Ne2 37. Qf2 Nf4 38. Nc5 Qd1 39. Bc4 Nf6 40. Qd2 Qg1
41. b4 Nxg4 42. Qd8+ Kh7 43. Bxf7 Ne3 44. Qd2 Nf1 45. Qd6 Ne3 46. Bg6+ Kh6 47.
Bf7+ Kh7 48. Bg6+ Kh6 49. Bf7+ 1/2-1/2

[Event "London Classic Open 2017"]
[Site "London ENG"]
[Date "2017.12.03"]
[Round "2.62"]
[White "Lee, Kyungseok"]
[Black "Zujev, Oleg"]
[Result "0-1"]
[WhiteElo "1975"]
[BlackElo "2381"]
[WhiteFideId "13202154"]
[BlackFideId "12801585"]
[EventDate "2017.12.02"]

1. Nf3 c5 2. c4 Nc6 3. g3 g6 4. Bg2 Bg7 5. Nc3 e6 6. O-O Nge7 7. d3 O-O 8. Bd2
d5 9. cxd5 exd5 10. Rc1 b6 11. Re1 Bb7 12. Qc2 h6 13. Nb1 Nf5 14. a3 Re8 15. b4
cxb4 16. Bxb4 a5 17. Bc3 d4 18. Bb2 a4 19. Nbd2 Nd6 20. Nc4 Nb5 21. e3 Nc3 22.
exd4 Rxe1+ 23. Rxe1 Nb5 24. d5 Ncd4 25. Nxd4 Nxd4 26. Qc1 b5 27. Ne5 Bxd5 28.
Qf4 Nf5 29. Bh3 Qg5 30. Qxg5 hxg5 31. Bg2 Rd8 32. Rd1 Bxg2 33. Kxg2 Rd5 34. Re1
Nd4 35. Bxd4 Rxd4 36. Nf3 Rxd3 37. Re8+ Bf8 38. Rb8 Rd5 39. Kh3 Kg7 40. Kg4 f5+ 0-1

[Event "London Classic Open 2017"]
[Site "London ENG"]
[Date "2017.12.03"]
[Round "2.63"]
[White "Stauskas, Lukas"]
[Black "Nelson, Omowale"]
[Result "1-0"]
[WhiteElo "2349"]
[BlackElo "1949"]
[WhiteFideId "12808148"]
[BlackFideId "7400209"]
[EventDate "2017.12.02"]

1. d4 d5 2. Nf3 Nf6 3. c4 dxc4 4. Nc3 a6 5. e4 Bg4 6. Bxc4 e6 7. Be3 Be7 8. Qc2
Bxf3 9. gxf3 O-O 10. Rd1 c6 11. O-O Nbd7 12. Kh1 Qc7 13. Rg1 Rfd8 14. e5 Nh5 15.
f4 g6 16. f5 c5 17. fxg6 hxg6 18. Rxg6+ Ng7 19. Rdg1 Bf8 20. Rh6 1-0

[Event "London Classic Open 2017"]
[Site "London ENG"]
[Date "2017.12.03"]
[Round "2.64"]
[White "Sellmair, Reinhard"]
[Black "Barj, Julien"]
[Result "0-1"]
[WhiteElo "1936"]
[BlackElo "2226"]
[WhiteFideId "12946990"]
[BlackFideId "629200"]
[EventDate "2017.12.02"]

1. e4 c5 2. Nf3 d6 3. d4 cxd4 4. Nxd4 Nf6 5. Nc3 g6 6. Be3 Bg7 7. f3 O-O 8. Qd2
Nc6 9. O-O-O d5 10. Qe1 e5 11. Nxc6 bxc6 12. exd5 Nxd5 13. Ne4 f5 14. Nc5 Qe7
15. Bc4 Rb8 16. Nb3 Be6 17. Bc5 Qg5+ 18. Kb1 Rfe8 19. g3 Bf7 20. Ka1 Qf6 21. Qf2
a5 22. Nxa5 Ra8 23. Nb3 Ra4 24. Qf1 Rea8 25. a3 e4 26. Bd4 Qe7 27. Bxg7 Kxg7 28.
Bxd5 Bxd5 29. Qe1 Qf6 30. Kb1 exf3 31. Rf1 Re4 32. Qf2 Re2 33. Qd4 Rxh2 34.
Qxf6+ Kxf6 35. Rxd5 cxd5 36. Rxf3 Rc8 37. Nd4 Ke5 38. c3 Ke4 39. Rf4+ Kd3 40.
Nb5 Rc4 41. Nd4 Rg2 42. Rf3+ Ke4 43. Rf4+ Ke5 44. Rf3 Kf6 45. Re3 h5 46. Ka2 Kf7
47. Kb3 Rc7 48. Nb5 Re7 49. Nd6+ Kf8 50. Rd3 Ree2 51. Kb4 Rxb2+ 52. Kc5 Rbd2 53.
Re3 Rge2 54. Rxe2 Rxe2 55. Kxd5 Re3 56. Nb5 Rxg3 57. c4 h4 0-1

[Event "London Classic Open 2017"]
[Site "London ENG"]
[Date "2017.12.03"]
[Round "2.65"]
[White "Mulay, Partha"]
[Black "Harley, Andrew D"]
[Result "0-1"]
[BlackTitle "FM"]
[WhiteElo "1892"]
[BlackElo "2196"]
[WhiteFideId "436038"]
[BlackFideId "401390"]
[EventDate "2017.12.02"]

1. e4 e6 2. d4 d5 3. exd5 exd5 4. c4 Nf6 5. Nc3 Bb4 6. Bd3 O-O 7. Ne2 dxc4 8.
Bxc4 h6 9. O-O Nc6 10. a3 Ba5 11. Bf4 Nh5 12. Be3 Bf5 13. b4 Bb6 14. Nd5 Nf6 15.
Nxb6 axb6 16. Nc3 Ne4 17. Nxe4 Bxe4 18. Qg4 Re8 19. Bxh6 Qxd4 20. Rad1 Qf6 21.
Bg5 Qg6 22. f4 Qf5 23. Qh4 Bxg2 24. Bxf7+ Qxf7 25. Kxg2 Rxa3 26. Qg4 Ra2+ 27.
Rf2 Rxf2+ 28. Kxf2 Qa2+ 29. Kg1 Nd4 30. Bf6 Ne2+ 31. Kh1 Qf7 32. Be5 Nxf4 33.
Qxf4 Rxe5 34. Rd8+ Re8 35. Rxe8+ Qxe8 36. Qxc7 Qc6+ 0-1

[Event "London Classic Open 2017"]
[Site "London ENG"]
[Date "2017.12.03"]
[Round "2.66"]
[White "Solli, Oddvar"]
[Black "Hill, Alistair"]
[Result "0-1"]
[WhiteElo "1784"]
[BlackElo "2179"]
[WhiteFideId "1501208"]
[BlackFideId "432407"]
[EventDate "2017.12.02"]

1. Nf3 Nf6 2. c4 c5 3. g3 d5 4. cxd5 Nxd5 5. Bg2 Nc6 6. O-O e5 7. Nc3 Be6 8. d3
Be7 9. Ne1 O-O 10. Nc2 Qd7 11. Ne3 Nc7 12. b3 Rad8 13. Bb2 b6 14. Qd2 Bg5 15.
Ne4 Bh6 16. Qd1 Bh3 17. Nc4 Bxg2 18. Kxg2 Qd5 19. Ne3 Bxe3 0-1